UM Logo

Fundamentals of Internet of things : (Record no. 19313)

MARC details
000 -LEADER
fixed length control field 00636nam a22001577a 4500
008 - FIXED-LENGTH DATA ELEMENTS--GENERAL INFORMATION
fixed length control field 240223b ||||| |||| 00| 0 eng d
020 ## - INTERNATIONAL STANDARD BOOK NUMBER
International Standard Book Number 9781119847298
082 ## - DEWEY DECIMAL CLASSIFICATION NUMBER
Classification number DC 004.678
Item number D542 2023
100 ## - MAIN ENTRY--PERSONAL NAME
Personal name Dian, F. John
9 (RLIN) 53148
245 ## - TITLE STATEMENT
Title Fundamentals of Internet of things :
Remainder of title for students and professionals /
Statement of responsibility, etc. F. John Dian.Hoboken, New Jersey : Wiley-IEEE Press, [2023].
260 ## - PUBLICATION, DISTRIBUTION, ETC. (IMPRINT)
Place of publication, distribution, etc. Hoboken, New Jersey :
Name of publisher, distributor, etc. Wiley-IEEE Press,
Date of publication, distribution, etc. ©2023.
300 ## - PHYSICAL DESCRIPTION
Extent xx, 402 pages :
Other physical details illustrations (some color) ;
Dimensions 26 cm.
500 ## - GENERAL NOTE
General note Includes bibliographical references and index.<br/>
650 ## - SUBJECT ADDED ENTRY--TOPICAL TERM
Topical term or geographic name as entry element Internet of things.
9 (RLIN) 40314
942 ## - ADDED ENTRY ELEMENTS (KOHA)
Source of classification or shelving scheme Dewey Decimal Classification
Koha item type Circulation
Holdings
Withdrawn status Lost status Source of classification or shelving scheme Damaged status Not for loan Collection code Home library Current library Shelving location Date acquired Source of acquisition Cost, normal purchase price Total Checkouts Full call number Barcode Date last seen Date last checked out Price effective from Koha item type
    Dewey Decimal Classification     Circulation UM Digos College - LIC UM Digos College - LIC Book Cart 07/19/2023 Purchased 11683.00 1 DC 004.678 D542 2023 27892 08/22/2025 08/19/2025 02/23/2024 Circulation